| 000 | 01088nam a22003377a 4500 | ||
|---|---|---|---|
| 003 | CHAP | ||
| 005 | 20220329140440.0 | ||
| 008 | 971013s1980 r 00010 d | ||
| 010 | _a52130 | ||
| 011 | _a53102 | ||
| 035 | _a57252 | ||
| 040 | _cCHAP | ||
| 090 | _aFolleto 107 | ||
| 100 | 0 | 0 |
_aWit, W. de. _9122351 |
| 245 | _aUtilization of cellulose and hemicellulose of pig faeces by Trichoderma viride | ||
| 260 |
_aWageningen, H. : _bVeenman & Zonen, _c1980 |
||
| 300 |
_a76 p. _b; gráfs. |
||
| 490 |
_aMededelingen Landbouwhogeschool _v; 80-2 |
||
| 590 |
_aBATCH-UPD _b10 _c20130110 _lUCH01 _h0829 |
||
| 590 |
_aBATCH-UPD _b10 _c20130410 _lUCH01 _h0506 |
||
| 590 |
_aBATCH-UPD _b10 _c20130914 _lUCH01 _h0628 |
||
| 590 |
_aCONVERSION _b10 _c20130109 _lUCH01 _h1328 |
||
| 650 | 1 | 4 |
_aBiodegradación. _912723 |
| 650 | 1 | 4 |
_aCelulosa. _920915 |
| 650 | 1 | 4 |
_aEstiércol de cerdo. _938323 |
| 650 | 1 | 4 |
_aTrichoderma viride. _9114925 |
| 830 | 0 |
_aMededelingen Landbouwhogeschool _v; 80-2 _973858 |
|
| 901 | _aBK | ||
| 942 | _cFOLL | ||
| 949 |
_aFolleto 107 _bBC _cFOLL _d-124650 _eTS1 _i57252 _mD _si |
||
| 999 |
_c52130 _d52130 |
||